00246nam a2200109Ia 4500008004100000082000800041100001800049245001800067260001500085630001800100730001800118100328s9999 xx 000 0 und d b563 aCole Margaret aGreek Tragedy bCrime Club aGreek Tragedy aGreek Tragedy